Modelirovanije tečenij gaza s udarnymi volnami /

Enregistré dans:
Détails bibliographiques
Auteurs principaux: Gilinskij, Michail M (Auteur), Lebedev, Michail G (Auteur), Jakubov, Iosif R (Auteur)
Format: Livre
Langue:russe
Publié: Moskva : Mašinostrojenije, 1984
Tags: Ajouter un tag
Pas de tags, Soyez le premier à ajouter un tag!

MARC

LEADER 00000nam a22000003a 4500
001 stu36427
005 20150617225727.9
008 920603s1984----xxr-----------------rus-d
040 |a STU  |b slo 
041 0 |a rus 
044 |a xxr 
100 1 |a Gilinskij, Michail M  |4 aut 
245 1 |a Modelirovanije tečenij gaza s udarnymi volnami /  |c [aut.]Michail M. Gilinskij, Michail G. Lebedev, Iosif R. Jakubov 
260 |a Moskva :  |b Mašinostrojenije,  |c 1984 
300 |a 191 s 
700 1 |a Lebedev, Michail G  |4 aut 
700 1 |a Jakubov, Iosif R  |4 aut 
996 |b 284M062401  |c M*6940-1  |l MMKN  |s A  |a 24  |w stu36427_0001